[Event "Quebec-ch"]
[Site "Montreal CAN"]
[Date "1983.06.10"]
[Round "2"]
[White "Hebert, Jean"]
[Black "Brodeur, Gilles"]
[Result "1-0"]
[WhiteElo "2430"]
[BlackElo "2214"]
[PlyCount "103"]
[GameId "2160767912810523"]
[EventDate "1983.06.09"]
[EventType "tourn"]
[EventRounds "9"]
[EventCountry "CAN"]

1. e4 Nf6 2. e5 Nd5 3. d4 d6 4. c4 Nb6 5. f4 dxe5 6. fxe5 c5 7. d5 e6 8. Nc3 exd5 9. cxd5 Qh4+ 10. g3 Qd4 11. Bf4 g5 12. Bxg5 Qxe5+ 13. Qe2 Bg7 14. O-O-O O-O 15. Qd2 Bg4 16. Be2 Bxe2 17. Ngxe2 Nc4 18. Qf4 b5 19. Qxe5 Bxe5 20. Be7 Rc8 21. d6 Nd7 22. Rd3 a5 23. Nxb5 Nxb2 24. Rb3 Rab8 25. Nbc3 Nd3+ 26. Kd2 c4 27. Rxb8 Rxb8 28. Rb1 Rb4 29. Ke3 N3c5 30. Rd1 Na4 31. Nd5 Rb2 32. Rc1 Rxa2 33. Rxc4 Nac5 34. Nd4 Ra3+ 35. Ke2 Rd3 36. Rxc5 Rxd4 37. Rxa5 f6 38. Ke3 Rd1 39. Ke4 Kf7 40. Kf5 Rd2 41. Nf4 Bxd6 42. Bxd6 Rxd6 43. Ra7 Ke7 44. h4 Ke8 45. g4 Ne5 46. Rxh7 Nd7 47. h5 Ne5 48. g5 Kf8 49. g6 Kg8 50. Ra7 Kf8 51. h6 Nxg6 52. Nxg6+ 1-0

[Event "Quebec-ch"]
[Site "Montreal CAN"]
[Date "1983.06.11"]
[Round "3"]
[White "Pineault, Denis"]
[Black "Hebert, Jean"]
[Result "0-1"]
[WhiteElo "2085"]
[BlackElo "2430"]
[PlyCount "86"]
[GameId "2160767912810529"]
[EventDate "1983.06.09"]
[EventType "tourn"]
[EventRounds "9"]
[EventCountry "CAN"]

1. e4 c5 2. Nf3 a6 3. d4 cxd4 4. Nxd4 Nf6 5. Nc3 e5 6. Nb3 Bb4 7. Bc4 Qc7 8. Qd3 b5 9. Bd5 Nxd5 10. exd5 Bxc3+ 11. bxc3 d6 12. O-O O-O 13. a4 Bd7 14. a5 Rc8 15. Re1 Be8 16. Ba3 Nd7 17. Bb4 f6 18. f4 Bf7 19. Rad1 Re8 20. f5 Rac8 21. Qf3 Red8 22. Nd2 Nc5 23. Ne4 Qb7 24. Rd2 Nxe4 25. Qxe4 Rc4 26. Qd3 Qa7+ 27. Kh1 Qa8 28. Re4 Bxd5 29. Re1 Be4 30. Qg3 Bxf5 31. Rxd6 Rxd6 32. Bxd6 Qd5 33. Bb4 Bxc2 34. h3 Be4 35. Qf2 h6 36. Kh2 f5 37. Qe2 Rc6 38. Rd1 Qf7 39. Rd2 Kh7 40. Qe3 Rg6 41. Bd6 Bxg2 42. Bxe5 Ba8 43. Bg3 Qb7 0-1

[Event "Quebec-ch"]
[Site "Montreal CAN"]
[Date "1983.06.12"]
[Round "4"]
[White "Hebert, Jean"]
[Black "St Amand, Paul Jr"]
[Result "1-0"]
[WhiteElo "2430"]
[BlackElo "2092"]
[PlyCount "65"]
[GameId "2160767912810533"]
[EventDate "1983.06.09"]
[EventType "tourn"]
[EventRounds "9"]
[EventCountry "CAN"]

1. c4 Nf6 2. Nc3 e6 3. Nf3 c5 4. d4 d5 5. e3 Nc6 6. a3 a6 7. dxc5 Bxc5 8. b4 Ba7 9. Bb2 O-O 10. c5 e5 11. Be2 Bg4 12. h3 Bxf3 13. Bxf3 d4 14. exd4 exd4 15. Ne2 d3 16. Bxc6 bxc6 17. Nd4 Re8+ 18. Kf1 Qd5 19. Qxd3 Re4 20. f3 Ree8 21. Kf2 Nh5 22. Rhe1 Nf4 23. Qf1 Qg5 24. Nxc6 Bxc5+ 25. bxc5 Qxc5+ 26. Nd4 Red8 27. Rad1 Rd7 28. Kg1 Rad8 29. Kh2 Qb6 30. Nf5 Ne6 31. Be5 Qc5 32. Rxd7 Rxd7 33. Qxa6 1-0

[Event "Quebec-ch"]
[Site "Montreal CAN"]
[Date "1983.06.14"]
[Round "5"]
[White "Barbeau, Sylvain"]
[Black "Hebert, Jean"]
[Result "1-0"]
[WhiteElo "2264"]
[BlackElo "2430"]
[PlyCount "47"]
[GameId "2160767912810537"]
[EventDate "1983.06.09"]
[EventType "tourn"]
[EventRounds "9"]
[EventCountry "CAN"]

1. Nf3 Nf6 2. d4 d6 3. g3 Nbd7 4. Bg2 e5 5. O-O c6 6. c4 Be7 7. Nc3 O-O 8. Qc2 Re8 9. Rd1 Qc7 10. b3 Bf8 11. e3 a6 12. Bb2 Rb8 13. Rac1 b6 14. a3 Bb7 15. b4 Rbd8 16. Qb3 h6 17. c5 exd4 18. cxd6 Bxd6 19. Nxd4 c5 20. Ndb5 axb5 21. Nxb5 Qb8 22. Nxd6 Bxg2 23. Qxf7+ Kh7 24. Nxe8 1-0

[Event "Quebec-ch"]
[Site "Montreal CAN"]
[Date "1983.06.15"]
[Round "6"]
[White "Hebert, Jean"]
[Black "Kurtz, Murray"]
[Result "1-0"]
[WhiteElo "2430"]
[BlackElo "2049"]
[PlyCount "65"]
[GameId "2160767912810544"]
[EventDate "1983.06.09"]
[EventType "tourn"]
[EventRounds "9"]
[EventCountry "CAN"]

1. c4 g6 2. Nc3 Bg7 3. d4 d6 4. e4 Nf6 5. Nf3 O-O 6. Be2 e5 7. d5 a5 8. Bg5 h6 9. Bh4 Na6 10. Nd2 Qe8 11. Qc2 Bd7 12. b3 Nh7 13. f3 f5 14. a3 Nf6 15. Bf2 b6 16. O-O f4 17. Rab1 g5 18. b4 axb4 19. axb4 h5 20. c5 bxc5 21. bxc5 Rf7 22. c6 Bc8 23. Qa4 g4 24. Rb7 Nh7 25. Bxa6 Qd8 26. Ra7 Rxa7 27. Bxa7 gxf3 28. Bxc8 fxg2 29. Rb1 Qh4 30. Nf3 Qf6 31. Be6 Ng5 32. Nxg5 Qxg5 33. Qd1 1-0

[Event "Quebec-ch"]
[Site "Montreal CAN"]
[Date "1983.06.16"]
[Round "7"]
[White "Rousseau, Jean-Jacques"]
[Black "Hebert, Jean"]
[Result "1/2-1/2"]
[WhiteElo "2129"]
[BlackElo "2430"]
[PlyCount "121"]
[GameId "2160767912810549"]
[EventDate "1983.06.09"]
[EventType "tourn"]
[EventRounds "9"]
[EventCountry "CAN"]

1. e4 c5 2. Nf3 d6 3. Nc3 Nf6 4. d4 cxd4 5. Nxd4 g6 6. Bc4 Bg7 7. h3 O-O 8. Bb3 Na6 9. O-O Nc5 10. Re1 a6 11. f4 e6 12. Qf3 Nfxe4 13. Rxe4 Nxe4 14. Qxe4 Qc7 15. Be3 Bd7 16. a4 Kh8 17. Qd3 Rac8 18. Nf3 Bc6 19. Nd2 d5 20. a5 d4 21. Bxd4 Qxf4 22. Bxg7+ Kxg7 23. Ne2 Qe5 24. Nd4 Rfd8 25. c3 Bb5 26. N2f3 Qf4 27. c4 e5 28. cxb5 exd4 29. bxa6 bxa6 30. Bc4 Rd6 31. Rd1 Re8 32. Qd2 Qxd2 33. Rxd2 Rc8 34. b3 Rc5 35. Nxd4 Kf8 36. Kf2 Rxa5 37. Ke3 Re5+ 38. Kd3 a5 39. Kc3 h5 40. Nf3 Rxd2 41. Kxd2 Rc5 42. Kd3 f6 43. Kd4 Rc7 44. Kd5 g5 45. Nd4 Re7 46. Ne6+ Ke8 47. Kc6 Rd7 48. Kb5 Rd2 49. Kxa5 Rxg2 50. b4 g4 51. hxg4 Rxg4 52. Be2 Rg2 53. Bxh5+ Ke7 54. Nc5 Kd6 55. Bf3 Ra2+ 56. Na4 f5 57. b5 Ra3 58. Bc6 Rb3 59. Nb6 f4 60. Ka4 Rc3 61. Kb4 1/2-1/2

[Event "Quebec-ch"]
[Site "Montreal CAN"]
[Date "1983.06.17"]
[Round "8"]
[White "Hebert, Jean"]
[Black "Leveille, Francois"]
[Result "1/2-1/2"]
[WhiteElo "2430"]
[BlackElo "2239"]
[PlyCount "108"]
[GameId "2160767912810554"]
[EventDate "1983.06.09"]
[EventType "tourn"]
[EventRounds "9"]
[EventCountry "CAN"]

1. e4 c5 2. Nf3 d6 3. d4 cxd4 4. Nxd4 Nf6 5. Nc3 a6 6. g3 e5 7. Nde2 Nbd7 8. Bg2 b5 9. h3 Bb7 10. g4 b4 11. Nd5 Nxd5 12. exd5 Be7 13. c4 bxc3 14. Nxc3 O-O 15. O-O Qa5 16. Bd2 Rfc8 17. a4 Rab8 18. Na2 Qc5 19. Nb4 Nf6 20. Rc1 Qd4 21. Bc3 Qf4 22. Nd3 Qg5 23. f4 exf4 24. Nxf4 Nd7 25. Qe2 Bf6 26. Ne6 Re8 27. Nxg5 Rxe2 28. Bf3 Re7 29. Ne4 Bxc3 30. Rxc3 Bxd5 31. Nxd6 Bxf3 32. Rcxf3 Rxb2 33. Rxf7 Rxf7 34. Rxf7 Ne5 35. Rf5 Nd7 36. Rd5 g6 37. Ne4 Rb4 38. Ng5 Rb7 39. Rd6 Nc5 40. a5 Rb5 41. Rc6 Nb3 42. Rc8+ Kg7 43. Rc7+ Kf6 44. Nxh7+ Ke5 45. Rc6 Rxa5 46. Kf2 Ra2+ 47. Kg3 a5 48. Rxg6 a4 49. Ra6 Nc5 50. Ra5 Rc2 51. Ng5 Rc3+ 52. Kf2 a3 53. h4 Kf4 54. Rxc5 Rxc5 1/2-1/2

[Event "Quebec-ch"]
[Site "Montreal CAN"]
[Date "1983.06.19"]
[Round "9"]
[White "Spraggett, Kevin"]
[Black "Hebert, Jean"]
[Result "1/2-1/2"]
[WhiteElo "2552"]
[BlackElo "2430"]
[PlyCount "76"]
[GameId "2160767912810560"]
[EventDate "1983.06.09"]
[EventType "tourn"]
[EventRounds "9"]
[EventCountry "CAN"]

1. Nf3 d5 2. d4 e6 3. c4 c6 4. e3 f5 5. Nc3 Nh6 6. Ne5 g6 7. f4 Nd7 8. Be2 Nxe5 9. fxe5 Nf7 10. O-O h5 11. Bd2 Be7 12. Rb1 a6 13. cxd5 cxd5 14. Bd3 Kf8 15. Ne2 Kg7 16. Nf4 h4 17. Qb3 b5 18. Bb4 Bd7 19. Rbc1 g5 20. Ne2 Bxb4 21. Qxb4 a5 22. Qd2 Qb6 23. h3 b4 24. Rf3 Rac8 25. Rcf1 Rc7 26. g4 hxg3 27. Rxg3 Kf8 28. a3 Bb5 29. axb4 Bxd3 30. Qxd3 axb4 31. Ra1 Ra7 32. Rxa7 Qxa7 33. Qb3 Qb6 34. Qa4 Ke7 35. Kf2 Rh4 36. Qa8 Rh8 37. Qa4 Rh4 38. Qa8 Rh8 1/2-1/2

[Event "Printanier/Spring op"]
[Site "Montreal CAN"]
[Date "1983.05.23"]
[Round "4"]
[White "Hebert, Jean"]
[Black "Ivanov, Igor V"]
[Result "1-0"]
[WhiteElo "2443"]
[BlackElo "2501"]
[PlyCount "84"]
[GameId "2160767912810638"]
[EventDate "1983.05.21"]
[EventType "swiss"]
[EventRounds "6"]
[EventCountry "CAN"]
[SourceTitle "Inf 35"]

1. d4 Nf6 2. Nf3 e6 3. Bg5 c5 4. e3 d5 5. Nbd2 Nbd7 6. c3 Be7 7. Bd3 b6 8. O-O Bb7 9. Ne5 Nxe5 10. dxe5 Nd7 11. Bxe7 Qxe7 12. f4 O-O-O 13. Qe2 f6 14. exf6 Nxf6 15. Nf3 c4 16. Bc2 Kb8 17. Qd2 Nd7 18. Qd4 Rde8 19. Ba4 Ref8 20. Bxd7 Qxd7 21. a4 Qc7 22. a5 bxa5 23. Ne5 Ka8 24. Ra2 Qb6 25. Rfa1 Qxd4 26. cxd4 Rc8 27. Rxa5 a6 28. Nf7 Rhf8 29. Ng5 Rc6 30. Nxh7 Rb8 31. Rb5 c3 32. Rb3 c2 33. Rc1 a5 34. Ng5 a4 35. Rb4 Ba6 36. Rxb8+ Kxb8 37. Nf3 Be2 38. Ne5 Rc7 39. Kf2 Bd1 40. Ke1 Rb7 41. Nd3 Kc7 42. Nc5 Rb4 1-0

[Event "Printanier/Spring op"]
[Site "Montreal CAN"]
[Date "1983.05.23"]
[Round "5"]
[White "Spraggett, Kevin"]
[Black "Hebert, Jean"]
[Result "1-0"]
[WhiteElo "2535"]
[BlackElo "2443"]
[PlyCount "93"]
[GameId "2160767912810643"]
[EventDate "1983.05.21"]
[EventType "swiss"]
[EventRounds "6"]
[EventCountry "CAN"]
[SourceTitle "EXT 2022"]
[Source "ChessBase"]
[SourceDate "2021.10.06"]
[SourceVersion "1"]
[SourceVersionDate "2021.10.06"]
[SourceQuality "1"]

1. Nf3 Nf6 2. c4 d6 3. d4 Nbd7 4. Nc3 c6 5. g3 e5 6. Bg2 Be7 7. O-O O-O 8. Qc2 Re8 9. b3 Bf8 10. e4 a6 11. Bb2 b5 12. cxb5 cxb5 13. a3 Bb7 14. Rad1 Rc8 15. Qb1 Qb6 16. Rfe1 Rc7 17. h3 Qa7 18. Re3 Qa8 19. Rde1 g6 20. Kh2 Qa7 21. Nd1 Bg7 22. Kh1 Qa8 23. d5 Bh6 24. Rc3 Rec8 25. h4 a5 26. Ng5 b4 27. Rxc7 Rxc7 28. axb4 axb4 29. Ne3 Ba6 30. Qa2 Qb7 31. Kh2 Nc5 32. Rc1 Nfd7 33. f4 f6 34. Ng4 Bg7 35. Ne6 Nxe6 36. dxe6 Nc5 37. f5 Bb5 38. Ne3 Bc6 39. Nd5 Bxd5 40. exd5 gxf5 41. Rc4 Nd3 42. Rc6 Bf8 43. Qb1 Nxb2 44. Qxf5 Rxc6 45. dxc6 Qe7 46. Bd5 Kg7 47. Be4 1-0

[Event "Prrintanier/Spring op"]
[Site "Montreal CAN"]
[Date "1983.05.21"]
[Round "1"]
[White "Hebert, Jean"]
[Black "Parent, Francois"]
[Result "1/2-1/2"]
[WhiteElo "2443"]
[BlackElo "1779"]
[PlyCount "121"]
[GameId "2160767912810645"]
[EventDate "1983.05.21"]
[EventType "swiss"]
[EventRounds "6"]
[EventCountry "CAN"]
[SourceTitle "Laval 1.1"]

1. g3 d5 2. Bg2 Nf6 3. Nf3 Nbd7 4. O-O e5 5. d3 Be7 6. Nbd2 O-O 7. c3 c6 8. e4 Qc7 9. Nh4 Nc5 10. Qc2 dxe4 11. dxe4 Rd8 12. Nb3 Nd3 13. Bg5 c5 14. Rad1 c4 15. Nc1 Bg4 16. Rd2 Nxc1 17. Rxd8+ Rxd8 18. Qxc1 Qb6 19. Nf5 Bc5 20. Qc2 h6 21. Bc1 Qe6 22. h3 Bh5 23. g4 Bg6 24. Rd1 Rxd1+ 25. Qxd1 Qb6 26. Qe2 Qe6 27. Be3 Nd7 28. Bf1 b5 29. Qd2 Bxe3 30. Qxe3 Nb6 31. Qc5 a6 32. b3 cxb3 33. axb3 Nd7 34. Qc7 Nf6 35. c4 Nxe4 36. Ne7+ Kh7 37. Bg2 bxc4 38. bxc4 Qf6 39. Bxe4 Bxe4 40. Qd8 h5 41. Qg8+ Kh6 42. Qh8+ Kg5 43. Ng8 Qg6 44. Ne7 Qh6 45. Qd8 Qf6 46. f4+ Kh4 47. fxe5 Qg5 48. Qd4 Qc1+ 49. Kf2 Qf4+ 50. Ke1 hxg4 51. hxg4 Kxg4 52. c5 Bf3 53. Qg1+ Qg3+ 54. Qxg3+ Kxg3 55. Nf5+ Kf4 56. e6 fxe6 57. Nxg7 Ke5 58. Nxe6 Kxe6 59. Kd2 Kd5 60. Kc3 Kxc5 61. Kb2 1/2-1/2

[Event "Specialiste Printanier"]
[Site "Montreal CAN"]
[Date "1983.04.24"]
[Round "5"]
[White "Rousseau, Daniel"]
[Black "Hebert, Jean"]
[Result "0-1"]
[WhiteElo "2128"]
[BlackElo "2424"]
[PlyCount "86"]
[GameId "2160767912810701"]
[EventDate "1983.04.22"]
[EventType "swiss"]
[EventRounds "8"]
[EventCountry "CAN"]

1. e4 c5 2. Nf3 Nc6 3. d4 cxd4 4. Nxd4 e6 5. Nc3 a6 6. Be2 Qc7 7. O-O b5 8. Nxc6 Qxc6 9. Bf3 Bb7 10. e5 Qc7 11. Bxb7 Qxb7 12. Qg4 Ne7 13. Ne4 Ng6 14. Nd6+ Bxd6 15. exd6 Rc8 16. c3 O-O 17. Qg3 f5 18. Bg5 f4 19. Qd3 Rf5 20. Be7 Re8 21. Rad1 f3 22. Rfe1 Rf7 23. Bg5 fxg2 24. Qe4 Qb6 25. Be3 Qd8 26. Bc1 Ref8 27. Re2 Nh4 28. Rd3 Rf3 29. Rxf3 Nxf3+ 30. Kxg2 Qf6 31. Qg4 e5 32. Qg3 h6 33. Re4 Qxd6 34. Re3 Ng5 35. h4 Qd5+ 36. f3 Rf5 37. Qg4 Qf7 38. Rd3 h5 39. Qg3 Ne6 40. Rd6 Rf6 41. Qxe5 Rxf3 42. Bg5 Rf2+ 43. Kg3 Qf3# 0-1

[Event "Tournoi de l'Est 3"]
[Site "Montreal CAN"]
[Date "1983.04.16"]
[Round "3"]
[White "Hebert, Jean"]
[Black "Spraggett, Kevin"]
[Result "1-0"]
[WhiteElo "2453"]
[BlackElo "2538"]
[PlyCount "93"]
[GameId "2160767912810709"]
[EventDate "1983.04.15"]
[EventType "swiss"]
[EventRounds "5"]
[EventCountry "CAN"]

1. d4 Nf6 2. Nf3 g6 3. Bf4 Bg7 4. e3 O-O 5. h3 c5 6. c3 b6 7. Nbd2 d6 8. Be2 Bb7 9. O-O Nc6 10. Bh2 Rc8 11. a3 a6 12. Re1 cxd4 13. exd4 b5 14. Bd3 Re8 15. Qe2 e5 16. dxe5 Nxe5 17. Nxe5 dxe5 18. Rad1 Qb6 19. Bc2 Rcd8 20. Ne4 Nd5 21. Bb3 Rd7 22. Rd3 Qc6 23. f3 Red8 24. Red1 h6 25. Qf2 Nb6 26. Rxd7 Rxd7 27. Rxd7 Nxd7 28. Qd2 Kf8 29. Bg3 Ke7 30. Bh4+ f6 31. Kh1 Nc5 32. Nxc5 Qxc5 33. Qd3 e4 34. fxe4 Qd6 35. Bd5 Bxd5 36. exd5 Kf7 37. Bg3 Qd7 38. d6 Bf8 39. Qd5+ Kg7 40. b3 h5 41. c4 h4 42. Bh2 bxc4 43. bxc4 g5 44. c5 Qb5 45. Bg1 Qa5 46. Qb7+ Kg6 47. Qb8 1-0

[Event "Tournoi de l'Est 3"]
[Site "Montreal CAN"]
[Date "1983.04.17"]
[Round "4"]
[White "Picard, Claude"]
[Black "Hebert, Jean"]
[Result "0-1"]
[WhiteElo "2015"]
[BlackElo "2453"]
[PlyCount "80"]
[GameId "2160767912810712"]
[EventDate "1983.04.15"]
[EventType "swiss"]
[EventRounds "5"]
[EventCountry "CAN"]

1. e4 c5 2. Nf3 d6 3. d4 cxd4 4. Nxd4 Nf6 5. Nc3 Nc6 6. Be2 e5 7. Nb3 Be7 8. Be3 O-O 9. O-O Be6 10. Kh1 Rc8 11. f4 exf4 12. Bxf4 Ne8 13. Nb5 a6 14. N5d4 Bf6 15. c3 Qe7 16. Nxe6 fxe6 17. Nd4 Bxd4 18. cxd4 Nf6 19. Bf3 e5 20. dxe5 dxe5 21. Qb3+ Qf7 22. Qxf7+ Kxf7 23. Be3 Ke6 24. Rad1 Rfd8 25. Bb6 Rxd1 26. Rxd1 Ne7 27. Be3 Rc2 28. Bc1 Nc6 29. Kg1 Nb4 30. a3 Nd3 31. Rxd3 Rxc1+ 32. Kf2 Rc2+ 33. Ke3 Rxb2 34. Rc3 Kd6 35. h3 h6 36. Kd3 Nd7 37. Ke3 Nc5 38. g3 b5 39. Bd1 Rg2 40. Kf3 Rxg3+ 0-1

[Event "Specialiste ch"]
[Site "Montreal CAN"]
[Date "1983.01.22"]
[Round "3"]
[White "Rousseau, Daniel"]
[Black "Hebert, Jean"]
[Result "0-1"]
[WhiteElo "2127"]
[BlackElo "2440"]
[PlyCount "77"]
[GameId "2160767912810943"]
[EventDate "1983.01.21"]
[EventType "swiss"]
[EventRounds "5"]
[EventCountry "CAN"]
[SourceTitle "hb 2011"]

1. e4 c5 2. Nf3 e6 3. d4 cxd4 4. Nxd4 Nc6 5. Nb5 d6 6. c4 Nf6 7. N1c3 a6 8. Na3 Be7 9. Be2 O-O 10. O-O b6 11. Be3 Rb8 12. f4 Bb7 13. Bf3 Re8 14. Qd2 Bf8 15. Nc2 Ba8 16. Rab1 Qc7 17. a4 Rec8 18. b3 Ne7 19. Nb4 Bb7 20. Qf2 Nd7 21. Rfd1 Nc5 22. g4 Re8 23. f5 Nc6 24. Nxc6 Bxc6 25. Qg2 Nd7 26. Bf4 Ne5 27. Bxe5 dxe5 28. fxe6 fxe6 29. g5 Bc5+ 30. Kh1 Rf8 31. Qh3 Rbe8 32. Bg4 Qe7 33. Rf1 Rf4 34. Rxf4 exf4 35. Rf1 Be3 36. Qg2 Qd6 37. Rd1 Qe5 38. Rd3 Bd4 39. Ne2 0-1

[Event "Specialiste ch"]
[Site "Montreal CAN"]
[Date "1983.01.23"]
[Round "5"]
[White "Gagnon, Michel"]
[Black "Hebert, Jean"]
[Result "0-1"]
[WhiteElo "2195"]
[BlackElo "2440"]
[PlyCount "94"]
[GameId "2160767912810946"]
[EventDate "1983.01.21"]
[EventType "swiss"]
[EventRounds "5"]
[EventCountry "CAN"]

1. e4 c5 2. Nf3 Nc6 3. d4 cxd4 4. Nxd4 e6 5. Nc3 a6 6. g3 d6 7. Bg2 Bd7 8. Be3 Nf6 9. O-O Be7 10. Qe2 O-O 11. a4 Qc7 12. Nb3 Na5 13. Nxa5 Qxa5 14. f4 Bc6 15. g4 Rfe8 16. g5 Nd7 17. Qf2 Bf8 18. Kh1 Rac8 19. Bd4 Qc7 20. a5 e5 21. Be3 exf4 22. Qxf4 Ne5 23. Bd4 g6 24. Bh3 Rb8 25. Bb6 Qe7 26. Nd5 Bxd5 27. exd5 Bg7 28. Rae1 Rf8 29. Qg3 h6 30. gxh6 Bxh6 31. c4 Rbe8 32. Re2 Bg7 33. b4 f5 34. Bd4 Qf7 35. Qb3 Nd7 36. Rxe8 Rxe8 37. Bg1 Re2 38. Qd1 Qe7 39. Bg2 Rxg2 40. Kxg2 Qe4+ 41. Qf3 Qxc4 42. Bf2 Ne5 43. Qd1 Qe4+ 44. Kh3 g5 45. Re1 g4+ 46. Kh4 Qf4 47. Be3 Bf6+ 0-1

[Event "Specialiste op"]
[Site "Montreal CAN"]
[Date "1983.??.??"]
[Round "?"]
[White "Hebert, Jean"]
[Black "Spraggett, Kevin"]
[Result "1/2-1/2"]
[WhiteElo "2430"]
[BlackElo "2495"]
[PlyCount "100"]
[GameId "2160767912811057"]
[EventDate "1983.??.??"]
[EventType "swiss"]
[EventRounds "5"]
[EventCountry "CAN"]
[SourceTitle "EXT 2002"]
[Source "ChessBase"]
[SourceDate "2001.11.25"]
[SourceVersion "1"]
[SourceVersionDate "2001.11.25"]
[SourceQuality "1"]

1. Nf3 Nf6 2. d4 g6 3. Bf4 Bg7 4. e3 O-O 5. Nbd2 d6 6. h3 c5 7. c3 Nc6 8. a3 cxd4 9. cxd4 Bd7 10. Bh2 Rb8 11. Bd3 b5 12. O-O Qb6 13. Qe2 Rfc8 14. Rfc1 Rc7 15. Rc2 Rbc8 16. Rac1 Ne8 17. Ne4 Na5 18. Rxc7 Rxc7 19. Rxc7 Nxc7 20. Qc2 Nc6 21. Bg3 Bf5 22. Bh4 b4 23. Nfd2 bxa3 24. bxa3 d5 25. Nc3 Bxd3 26. Qxd3 e6 27. Na4 Qb5 28. Qxb5 Nxb5 29. Nb1 Bf8 30. Nc5 Bxc5 31. dxc5 Kf8 32. a4 Nc7 33. Nd2 Ke8 34. Nb3 Kd7 35. Kf1 e5 36. Ke2 Ke6 37. Kd3 Na6 38. f4 Nab4+ 39. Kc3 Na2+ 40. Kb2 Nab4 41. Kc3 f6 42. g4 Na2+ 43. Kb2 Nab4 44. Kc3 Na2+ 45. Kd2 Nab4 46. Kc3 Na6 47. Bf2 Nab8 48. Be1 e4 49. Kc2 f5 50. g5 Nd7 1/2-1/2

[Event "Montreal op"]
[Site "Montreal CAN"]
[Date "1982.09.06"]
[Round "6"]
[White "Hebert, Jean"]
[Black "Spraggett, Kevin"]
[Result "1-0"]
[WhiteElo "2443"]
[BlackElo "2535"]
[PlyCount "71"]
[GameId "2160767912848226"]
[EventDate "1982.09.04"]
[EventType "swiss"]
[EventRounds "6"]
[EventCountry "CAN"]
[SourceTitle "EXT 2022"]
[Source "ChessBase"]
[SourceDate "2021.10.06"]
[SourceVersion "1"]
[SourceVersionDate "2021.10.06"]
[SourceQuality "1"]

1. g3 g6 2. Bg2 Bg7 3. c4 Nf6 4. Nc3 O-O 5. e3 d6 6. Nge2 e5 7. O-O Nbd7 8. d3 a6 9. b3 Re8 10. Qd2 Rb8 11. Bb2 b5 12. Rac1 Bb7 13. e4 bxc4 14. dxc4 Nc5 15. f3 h5 16. Rcd1 h4 17. Bc1 hxg3 18. hxg3 Ne6 19. Qd3 Bf8 20. Bh3 c6 21. Be3 Qc7 22. f4 exf4 23. gxf4 d5 24. e5 Nc5 25. Bxc5 Bxc5+ 26. Kh2 Bc8 27. cxd5 cxd5 28. exf6 Re3 29. Qxe3 Bxe3 30. Nxd5 Qc2 31. Ne7+ Kh7 32. Bxc8 Rxc8 33. Kg3 Rc5 34. Nd5 g5 35. Rh1+ Kg6 36. f5+ 1-0

[Event "Quebec op"]
[Site "Montreal CAN"]
[Date "1982.08.04"]
[Round "4"]
[White "Hamilton, Robert"]
[Black "Hebert, Jean"]
[Result "0-1"]
[WhiteElo "2133"]
[BlackElo "2411"]
[PlyCount "76"]
[GameId "2160767912848273"]
[EventDate "1982.08.01"]
[EventType "swiss"]
[EventRounds "8"]
[EventCountry "CAN"]
[SourceTitle "EXT 2022"]
[Source "ChessBase"]
[SourceDate "2021.10.06"]
[SourceVersion "1"]
[SourceVersionDate "2021.10.06"]
[SourceQuality "1"]

1. e4 c5 2. Nf3 d6 3. d4 cxd4 4. Nxd4 Nf6 5. Nc3 g6 6. Be3 Bg7 7. Bc4 O-O 8. f3 Nc6 9. Bb3 Bd7 10. Qd2 Rc8 11. O-O-O Ne5 12. h4 h5 13. Rdg1 Qa5 14. Kb1 Rfe8 15. Bg5 Nh7 16. Bh6 Bxh6 17. Qxh6 Rxc3 18. bxc3 Qxc3 19. Ne2 Qc5 20. g4 hxg4 21. f4 Nc4 22. f5 gxf5 23. Ng3 Qe3 24. Nxf5 Bxf5 25. Qxe3 Nxe3 26. exf5 Nf6 27. Re1 Nxf5 28. Rhf1 e6 29. Rf4 Kg7 30. c3 Rh8 31. Bc2 Nxh4 32. Ref1 Nf3 33. Rf2 e5 34. Rb4 b6 35. Bf5 Rh1+ 36. Kc2 Ne1+ 37. Kd2 g3 38. Re2 g2 0-1

[Event "Quebec op"]
[Site "Montreal CAN"]
[Date "1982.08.05"]
[Round "5"]
[White "Hebert, Jean"]
[Black "Spraggett, Kevin"]
[Result "0-1"]
[WhiteElo "2425"]
[BlackElo "2465"]
[PlyCount "114"]
[GameId "2160767912848281"]
[EventDate "1982.08.01"]
[EventType "swiss"]
[EventRounds "8"]
[EventCountry "CAN"]
[SourceTitle "EXT 2002"]
[Source "ChessBase"]
[SourceDate "2001.11.25"]
[SourceVersion "1"]
[SourceVersionDate "2001.11.25"]
[SourceQuality "1"]

1. g3 g6 2. Bg2 Bg7 3. c4 Nf6 4. Nc3 O-O 5. d3 c6 6. e4 d6 7. Nge2 e5 8. O-O Nbd7 9. h3 a6 10. Be3 b5 11. Qd2 Rb8 12. b3 Nc5 13. Rae1 Re8 14. Qc2 Nfd7 15. f4 Ne6 16. Qd2 Nd4 17. f5 Bb7 18. Rf2 Nxe2+ 19. Nxe2 d5 20. Ref1 d4 21. Bh6 f6 22. h4 bxc4 23. bxc4 Rf8 24. Bh3 Nc5 25. Bxg7 Kxg7 26. g4 Bc8 27. g5 fxg5 28. hxg5 Qb6 29. Ng3 Bd7 30. Qe2 Qa7 31. fxg6 hxg6 32. Rf6 Rxf6 33. Rxf6 Rh8 34. Bf5 gxf5 35. exf5 Qb8 36. Kg2 e4 37. Nh5+ Kg8 38. Rg6+ Kf7 39. Rf6+ Ke7 40. g6 Rxh5 41. Rf7+ Kd6 42. Qxh5 Qb2+ 43. Kh3 Qc1 44. Qh4 Qh1+ 45. Kg4 Qxh4+ 46. Kxh4 e3 47. Kg3 Be8 48. Rf6+ Ke7 49. g7 Bf7 50. Rxc6 Nxd3 51. Re6+ Bxe6 52. fxe6 e2 53. g8=Q e1=Q+ 54. Kh2 Qe2+ 55. Kh1 Nf2+ 56. Kh2 Ng4+ 57. Kg3 Qf2+ 0-1

[Event "Quebec op"]
[Site "Montreal CAN"]
[Date "1982.08.06"]
[Round "6"]
[White "Hebert, Jean"]
[Black "Stean, Michael"]
[Result "1/2-1/2"]
[WhiteElo "2411"]
[BlackElo "2576"]
[PlyCount "56"]
[GameId "2160767912848291"]
[EventDate "1982.08.01"]
[EventType "swiss"]
[EventRounds "8"]
[EventCountry "CAN"]
[SourceTitle "EXT 2022"]
[Source "ChessBase"]
[SourceDate "2021.10.06"]
[SourceVersion "1"]
[SourceVersionDate "2021.10.06"]
[SourceQuality "1"]

1. Nf3 Nf6 2. g3 d5 3. Bg2 c6 4. b3 Bg4 5. Bb2 e6 6. O-O a5 7. a3 Nbd7 8. d3 Bd6 9. Nbd2 O-O 10. e4 Be5 11. Qc1 Bxb2 12. Qxb2 dxe4 13. Nxe4 Nxe4 14. dxe4 Qc7 15. Qc3 Rfd8 16. Rfd1 e5 17. Rd3 Bxf3 18. Bxf3 Nf6 19. Rad1 Rxd3 20. Qxd3 Qe7 21. Qd6 Kf8 22. Kf1 Qxd6 23. Rxd6 Ke7 24. Rd2 Ne8 25. Be2 Nd6 26. f3 b5 27. Kf2 Ke6 28. Ke3 g6 1/2-1/2

[Event "Quebec-ch"]
[Site "Montreal CAN"]
[Date "1982.06.13"]
[Round "1"]
[White "Hebert, Jean"]
[Black "Barbeau, Sylvain"]
[Result "0-1"]
[WhiteElo "2435"]
[BlackElo "2231"]
[PlyCount "124"]
[GameId "2160767912848467"]
[EventDate "1982.06.13"]
[EventType "tourn"]
[EventRounds "9"]
[EventCountry "CAN"]

1. e4 e5 2. Bc4 Nf6 3. d3 d5 4. exd5 Nxd5 5. Nf3 Nc6 6. O-O Be7 7. Re1 Bg4 8. h3 Bxf3 9. Qxf3 Nf6 10. Bb5 Qd6 11. Na3 Nd7 12. Nc4 Qb4 13. Bd2 Qxb5 14. a4 Qa6 15. c3 O-O 16. b4 Nd8 17. Nxe5 Nxe5 18. Rxe5 Bf6 19. Rf5 Qc6 20. Qg3 Qd6 21. Qf3 c6 22. Re1 Be7 23. d4 Ne6 24. Qg4 g6 25. b5 Ng7 26. Rfe5 Bf6 27. R5e2 cxb5 28. axb5 Rae8 29. Qf3 b6 30. Bf4 Qd8 31. Qc6 Rxe2 32. Rxe2 Re8 33. Rxe8+ Nxe8 34. d5 Be7 35. Qb7 Bd6 36. Be3 Qc7 37. Qa8 Kf8 38. Bd4 Ke7 39. g4 Kd7 40. Kg2 f6 41. h4 Be7 42. Kf3 Bd8 43. Ke3 Nd6 44. Qc6+ Qxc6 45. bxc6+ Kc7 46. Kd3 Be7 47. c4 Ne8 48. f3 Bd6 49. Bf2 f5 50. g5 Ng7 51. Kc3 Nh5 52. Kb3 Bg3 53. Bd4 Bd6 54. Ka4 a6 55. Kb3 Ng3 56. Kc2 Ne2 57. Be3 Bf4 58. Bf2 Bg3 59. Be3 f4 60. Bd2 Nd4+ 61. Kd3 Nxf3 62. Bc3 Ne1+ 0-1